00629nam a2200181Ia 4500952015100000999001700151003000400168005001700172008004100189020001800230040000900248082001700257100002600274245006100300260003700361300000900398942004000407 00102ddc40708SOCIAL SCIENCEaMESbMEScSOCIAL SCIENCEd2019-02-20g1500.00l0o300.3 ARO/Ep35557r2019-02-20 00:00:00w2019-02-20yBKzGL50R1 c21463d21463OSt20200615142148.0190216s9999||||xx |||||||||||||| ||und|| a9788178902234 coclc a300.3bARO/E aArora, Peeyush 92918 0aEncyclopaedia Of Social Science History /cPeeyush Arora bI V Y Publishing,c2011.aDelhi: a221p cBK2ddch300.3iARO/Ek300.3mARO/E